000 00569nam a2200217Ia 4500
005 20260415173412.0
008 008 250505s9999 xx 000 0 eng d
020 _a978-93-56404-07-6
037 _aReference
040 _aFEDL
_beng
_cFEDL
041 _aeng
_2eng
084 _a001.42 ALV/RR
_qFEDL
100 _aAlvesson Mats
245 0 _aInterpreting interviews
250 _a2
260 _aLondon, UK
_bSage
_c2023
300 _a152p.
365 _aGBP
_b35.99
942 _cREF
_h001.42 ALV/RR
999 _c1400052
_d1400052